Statistiques concernant Football Quiz par lettre - F

Cliquez ici pour prendre le quiz!

Statistiques générales

  • Ce quiz a été pris 4 872 fois
  • Le résultat moyen est 11 sur 20

Statistiques - réponses

HintRéponse% Correct
La plus haute fédération du FootballFIFA
91%
La plus haute autorité française du footbal (abrégé)FFF
88%
Joueur portuguais, Ballon d'Or 2000Luis Figo
87%
Le dernier match d'une Compétition à élimination directeFinale
86%
Légendaire ex-coach de Manchester UnitedSir Alex Ferguson
84%
Equipe toscane surnommée la "Viola"Fiorentina
82%
Le magazine de Sport français à l'origine du Ballon d'OrFrance Football
79%
Joeur français détenant le record de buts en une seule Coupe du MondeJust Fontaine
76%
Le coup-franc anglaisFree Kick
72%
L'une des équipes de RotterdamFeyenoord
69%
La nationale surnommée "les Grands Ducs"Finlande
55%
Ville où se situe la Commerzbank ArenaFrancfort
46%
Catastrophe qui eut lieu le 5/05/92 en FranceFuriani
44%
Le surnom de Javier PastoreEl Flaco
38%
Le club de Dusseldorf porte ce nomFortuna
38%
Geste technique appelé aussi "l'Elastico"Flip-Flap
33%
L'équipe résidant au Craven CottageFulham
29%
Ex-joueur de l'O.M, idole de ZidaneEnzo Francescoli
16%
Nom donné au derby Flamengo-FluminenseFla-Flu
13%
Un des surnom de la nationale d'EspagneFuria Roja
8%

Distribution des résultats

Percentile par nombre de réponses

% des personnes avec chaque résultat

Votre développement - résultats

Vous n’avez pas pris ce quiz